000 01186nam a2200301 i 4500
003 EG-GICUC
005 20260121101436.0
008 251207s2010 ua ||||fr|||| 00| 0 ara d
017 _a۲۰۰۹ / ٢٠٢٥٢
040 _a EG-GICUC
_bara
_c EG-GICUC
_d EG-GICUC
_erda
041 0 _aara
082 0 4 _221
_a345.43
_bأ ش . ت
092 0 4 _221
099 _aLaw1 07 345.43 أ ش . ت 2010
100 0 _aمحمد أنس جعفر
_eمؤلف.
245 1 2 _aالحقوق الدستورية للموظف العام :
_bدراسة مقارنة /
_cدكتور محمد أنس جعفر، أشرف أنس جعفر.
264 1 _aالقاهرة :
_bدار النهضة العربية،
_c2010.
300 _a465 ؛صفحة
_c24 سم.
336 _2rda content
_atext
337 _2rda media
_aComputer
338 _2rda carrier
_aOnline Resource
504 _aيشتمل على إرجاعات ببليوجرافية.
546 _aالنص أغلبه باللغة العربية مع بعض النصوص الفرنسية
650 1 4 _aالقانون الإداري
856 4 0 _uhttps://fll.law.cu.edu.eg/fulltext/bks/B07-01369.pdf
905 _a32
_eYara
942 _2ddc
_cBK
_e21
_n0
999 _c48799
_d48799